| 000 | 01072nas a2200337 4500 | ||
|---|---|---|---|
| 001 | BR2013006953 | ||
| 003 | BR-BrBNA | ||
| 005 | 20231205122843.0 | ||
| 007 | ta | ||
| 008 | 230509b bl.|||p| |||| 00| 00por d | ||
| 040 |
_aBR-BrBNA _bpor _cBiblioteca Nacional de Agricultura |
||
| 041 | _a(Pt) | ||
| 072 | _aP33 | ||
| 100 | 1 | _aBeckmann-Cavalcante, M.Z. | |
| 100 | 1 | _aPivetta, K.F.L. | |
| 100 | 1 | _aCavalcante, I.H.L. | |
| 100 | 1 | _aCavalcante, L.F. | |
| 100 | 1 | _aBellingieri, P.A. | |
| 100 | 1 | _aCampos, M.C.C. | |
| 245 | 1 | _aCondutividade elétrica da solução nutritiva para o cultivo do crisântemo em vaso | |
| 650 | _aCRISÂNTEMO | ||
| 650 | _aPLANTA ORNAMENTAL | ||
| 650 | _aLIXIVIAÇÃO | ||
| 650 | _aCONDUTIVIDADE ELÉTRICA | ||
| 650 | _aQUÍMICA | ||
| 650 | _aSUBSTRATO DE CULTURA | ||
| 773 | 0 |
_tRevista Brasileira de Ciência do Solo (Brazil) _xISSN 0100-0683 _g(May-Jun 2010), v. 34(3) p. 747-756 _wBR2013006953 |
|
| 856 | 4 | 0 | _uhttp://www.scielo.br/pdf/rbcs/v34n3/16.pdf |
| 909 |
_a202311 _bLúcia _c55 _dLúcia Elande |
||
| 942 |
_2AGRIS _n0 _cANA |
||
| 999 |
_c230927 _d230927 |
||